[Event "Skakligaen 2004-05"]
[Site "Denmark"]
[Date "2005.03.05"]
[Round "7.1"]
[White "Pedersen, Christian Kyndel"]
[Black "Hermansson, Emil"]
[Result "1/2-1/2"]
[WhiteElo "2381"]
[BlackElo "2414"]
[PlyCount "73"]
[EventDate "2004.11.06"]
[EventType "team"]
[EventRounds "7"]
[EventCountry "DEN"]
[SourceDate "2004.11.06"]
[WhiteTeam "Nordre"]
[BlackTeam "K41"]
[WhiteTeamCountry "DEN"]
[BlackTeamCountry "DEN"]

1. Nf3 c5 2. e4 Nc6 3. d4 cxd4 4. Nxd4 Nf6 5. Nc3 e5 6. Ndb5 d6 7. Bg5 a6 8.
Na3 b5 9. Bxf6 gxf6 10. Nd5 Bg7 11. c3 f5 12. exf5 Bxf5 13. Nc2 Be6 14. Nce3
Ne7 15. g3 Nxd5 16. Nxd5 O-O 17. Bg2 a5 18. O-O f5 19. Re1 Rb8 20. Qd2 Kh8 21.
a3 Qd7 22. Rad1 Qf7 23. f4 e4 24. g4 fxg4 25. Rxe4 Bxd5 26. Qxd5 Qa7+ 27. Kh1
Qf2 28. Rd2 Qh4 29. Qg5 Qxg5 30. fxg5 Be5 31. Rxg4 Rf4 32. Rxf4 Bxf4 33. Rd4
Bxg5 34. Rxd6 Bc1 35. b3 Bxa3 36. Ra6 Bb2 37. Rxa5 1/2-1/2

[Event "Skakligaen 2004-05"]
[Site "Denmark"]
[Date "2005.03.05"]
[Round "7.2"]
[White "El Kher, Henrik"]
[Black "Christensen, Jan Schleicher"]
[Result "1-0"]
[WhiteElo "2430"]
[BlackElo "2249"]
[PlyCount "47"]
[EventDate "2004.11.06"]
[EventType "team"]
[EventRounds "7"]
[EventCountry "DEN"]
[SourceDate "2004.11.06"]
[WhiteTeam "K41"]
[BlackTeam "Nordre"]
[WhiteTeamCountry "DEN"]
[BlackTeamCountry "DEN"]

1. e4 e5 2. Nf3 Nc6 3. Nc3 Nf6 4. a3 Be7 5. d4 exd4 6. Nxd4 O-O 7. Nxc6 bxc6 8.
e5 Nd5 9. Nxd5 cxd5 10. Qxd5 Rb8 11. Bd3 Bb7 12. Qd4 d6 13. Bf4 c5 14. Qe3 c4
15. Bxc4 dxe5 16. Bxe5 Bg5 17. Qc3 Bxg2 18. Rg1 Re8 19. Rxg2 Qf6 20. Bxf7+ Kxf7
21. Qc7+ Re7 22. Qxb8 Rxe5+ 23. Kf1 Qa6+ 24. Kg1 1-0

[Event "Skakligaen 2004-05"]
[Site "Denmark"]
[Date "2005.03.05"]
[Round "7.3"]
[White "Petersen, Tom Petri"]
[Black "Lund, Silas"]
[Result "1-0"]
[WhiteElo "2228"]
[BlackElo "2296"]
[PlyCount "170"]
[EventDate "2004.11.06"]
[EventType "team"]
[EventRounds "7"]
[EventCountry "DEN"]
[SourceDate "2004.11.06"]
[WhiteTeam "Nordre"]
[BlackTeam "K41"]
[WhiteTeamCountry "DEN"]
[BlackTeamCountry "DEN"]

1. e4 e5 2. Nf3 Nc6 3. Bc4 Be7 4. O-O Nf6 5. d3 O-O 6. Re1 d6 7. h3 Na5 8. Nbd2
c6 9. a4 Nxc4 10. Nxc4 Qc7 11. b3 Be6 12. Bb2 Rad8 13. Ne3 Rfe8 14. Kh2 Nd7 15.
g3 d5 16. Qe2 f6 17. Nh4 Nc5 18. Qf3 Bf8 19. Rad1 Bf7 20. Qg2 Ne6 21. Nhf5 d4
22. Nf1 Bb4 23. Re2 b5 24. Ra1 a5 25. Nd2 Nc5 26. f4 Bxd2 27. Rxd2 bxa4 28.
bxa4 Ne6 29. fxe5 fxe5 30. Rf2 Rb8 31. Ba3 c5 32. Qf3 Rf8 33. Qg4 Kh8 34. Raf1
Bg8 35. Qh4 Rf6 36. Bc1 Rb1 37. Bg5 Rxf1 38. Rxf1 Rg6 39. Be7 Qd7 40. Bd6 Qxa4
41. Rf2 Qd7 42. Bxe5 a4 43. Qe7 Qxe7 44. Nxe7 Rg5 45. Bf4 Nxf4 46. gxf4 Rh5 47.
Rf1 g5 48. f5 g4 49. Ra1 Rxh3+ 50. Kg2 Bf7 51. Rxa4 h5 52. e5 Re3 53. Ra8+ Kh7
54. e6 Bxe6 55. fxe6 Rxe6 56. Nd5 Re2+ 57. Kg3 Rxc2 58. Rc8 Kg6 59. Nf4+ Kf5
60. Nxh5 Ke5 61. Nf4 Kd6 62. Rd8+ Ke7 63. Rd5 c4 64. Rxd4 cxd3 65. Rxd3 Ra2 66.
Kxg4 Kf6 67. Rd6+ Ke5 68. Rd5+ Kf6 69. Rb5 Ke7 70. Rb6 Kd7 71. Kf5 Ra5+ 72. Ke4
Ra4+ 73. Ke5 Ra1 74. Rd6+ Kc7 75. Nd5+ Kb7 76. Rb6+ Ka7 77. Kd6 Rd1 78. Rb2 Ka6
79. Rb3 Ka5 80. Kc5 Rc1+ 81. Nc3 Ka6 82. Kc4 Rh1 83. Ne4 Rc1+ 84. Kd5 Ka5 85.
Nc5 Rh1 1-0

[Event "Skakligaen 2004-05"]
[Site "Denmark"]
[Date "2005.03.05"]
[Round "7.4"]
[White "Olesen, Martin"]
[Black "Nielsen, Poul Erik"]
[Result "1-0"]
[WhiteElo "2285"]
[BlackElo "2211"]
[PlyCount "69"]
[EventDate "2004.11.06"]
[EventType "team"]
[EventRounds "7"]
[EventCountry "DEN"]
[SourceDate "2004.11.06"]
[WhiteTeam "K41"]
[BlackTeam "Nordre"]
[WhiteTeamCountry "DEN"]
[BlackTeamCountry "DEN"]

1. e4 g6 2. Nc3 Bg7 3. g3 d6 4. Bg2 Nc6 5. d3 Nd4 6. Nce2 c5 7. c3 Nxe2 8. Nxe2
e5 9. O-O Ne7 10. Be3 O-O 11. Qd2 Be6 12. f4 Qc7 13. d4 cxd4 14. cxd4 exf4 15.
Nxf4 Bd7 16. Rac1 Qb6 17. d5 Qa6 18. Rc7 Rfd8 19. Bh3 Qb5 20. b3 Rac8 21. Rxd7
Rxd7 22. a4 Qxb3 23. Bxd7 Rc2 24. Qe1 Rc7 25. Be8 Rc8 26. Bxf7+ Kxf7 27. Ne6+
Kg8 28. Nxg7 Kxg7 29. Bd4+ Kh6 30. Qd2+ Kh5 31. g4+ Kxg4 32. Rf4+ Kh5 33. Qe2+
Kh6 34. Rh4+ Kg5 35. Qg4# 1-0

[Event "Skakligaen 2004-05"]
[Site "Denmark"]
[Date "2005.03.05"]
[Round "7.5"]
[White "Hoiberg, Nina"]
[Black "Greger, Roland Reinhard"]
[Result "1/2-1/2"]
[WhiteElo "2180"]
[BlackElo "2311"]
[PlyCount "56"]
[EventDate "2004.11.06"]
[EventType "team"]
[EventRounds "7"]
[EventCountry "DEN"]
[SourceDate "2004.11.06"]
[WhiteTeam "Nordre"]
[BlackTeam "K41"]
[WhiteTeamCountry "DEN"]
[BlackTeamCountry "DEN"]

1. e4 e6 2. d4 d5 3. Nc3 Bb4 4. exd5 exd5 5. Qf3 Nc6 6. Nge2 Qe7 7. Be3 Nf6 8.
h3 Ne4 9. O-O-O Nxc3 10. Nxc3 Bxc3 11. bxc3 Qa3+ 12. Kd2 Be6 13. Bd3 Na5 14.
Rb1 Qxa2 15. Ke2 Nc4 16. Rhe1 O-O 17. Kf1 Nxe3+ 18. Qxe3 g6 19. Rxb7 Qa5 20.
Qg3 Qxc3 21. Rxc7 Qxd4 22. Bxg6 fxg6 23. Rxe6 Rxf2+ 24. Qxf2 Rf8 25. Qxf8+ Kxf8
26. Re2 a5 27. Rf2+ Kg8 28. Rff7 Qd1+ 1/2-1/2

[Event "Skakligaen 2004-05"]
[Site "Denmark"]
[Date "2005.03.05"]
[Round "7.6"]
[White "Hartung Nielsen, Jens"]
[Black "Pedersen, Karl"]
[Result "0-1"]
[WhiteElo "2184"]
[BlackElo "2239"]
[PlyCount "96"]
[EventDate "2004.11.06"]
[EventType "team"]
[EventRounds "7"]
[EventCountry "DEN"]
[SourceDate "2004.11.06"]
[WhiteTeam "K41"]
[BlackTeam "Nordre"]
[WhiteTeamCountry "DEN"]
[BlackTeamCountry "DEN"]

1. d4 Nf6 2. Nf3 g6 3. c4 Bg7 4. Nc3 O-O 5. e4 d6 6. Be2 e5 7. Be3 Nc6 8. d5
Ne7 9. Nd2 Nd7 10. b4 f5 11. f3 f4 12. Bf2 g5 13. c5 Ng6 14. Nc4 Rf6 15. cxd6
cxd6 16. Nb5 Nb6 17. Nxa7 Nxc4 18. Bxc4 Bd7 19. Qd3 g4 20. Nb5 g3 21. hxg3 fxg3
22. Bxg3 Bxb5 23. Bxb5 Nf4 24. Qd2 Rg6 25. Bf2 Rxg2 26. O-O-O Ra3 27. Bf1 Rg6
28. Be2 Rf6 29. Bh4 Qa8 30. Kb1 Nxe2 31. Qxe2 Rfxf3 32. Rdg1 Qa4 33. Be1 Rxa2
34. Qxa2 Rb3+ 35. Ka1 Ra3 36. Rg2 Rxa2+ 37. Rxa2 Qd1+ 38. Kb2 Qd4+ 39. Bc3 Qxe4
40. Ra8+ Kf7 41. Rf1+ Bf6 42. Rd1 Bg5 43. Raa1 Bf4 44. Kb3 b5 45. Ra7+ Kf6 46.
Rc7 h5 47. Rc6 Kf5 48. Ka3 h4 0-1

[Event "Skakligaen 2004-05"]
[Site "Denmark"]
[Date "2005.03.05"]
[Round "7.7"]
[White "Danstrup, Niels"]
[Black "Kragh, Niels Kristian"]
[Result "1/2-1/2"]
[WhiteElo "2129"]
[BlackElo "1984"]
[PlyCount "99"]
[EventDate "2004.11.06"]
[EventType "team"]
[EventRounds "7"]
[EventCountry "DEN"]
[SourceDate "2004.11.06"]
[WhiteTeam "Nordre"]
[BlackTeam "K41"]
[WhiteTeamCountry "DEN"]
[BlackTeamCountry "DEN"]

1. e4 e6 2. d4 d5 3. Nd2 Nf6 4. e5 Nfd7 5. Bd3 c5 6. c3 Nc6 7. Ne2 cxd4 8. cxd4
f6 9. exf6 Nxf6 10. O-O Bd6 11. Nf3 Qc7 12. Nc3 a6 13. Re1 O-O 14. Bg5 Ng4 15.
g3 Qf7 16. Be2 e5 17. dxe5 Bc5 18. Rf1 h6 19. Bc1 Be6 20. Kg2 Ngxe5 21. Na4 Ba7
22. Bf4 Nxf3 23. Bxf3 Qd7 24. Kg1 g5 25. Be3 d4 26. Bd2 Qf7 27. Bg2 Bc4 28. Re1
Qxf2+ 29. Kh1 Rae8 30. Qh5 Rxe1+ 31. Rxe1 Qf6 32. b3 Bf7 33. Qh3 b5 34. Qd7
bxa4 35. Bxc6 axb3 36. axb3 Rd8 37. Qxa7 Qxc6+ 38. Kg1 Qd7 39. Qxa6 Qd6 40.
Qxd6 Rxd6 41. b4 Kg7 42. Rb1 Bc4 43. b5 Rb6 44. Rb4 Bxb5 45. Rxd4 Rc6 46. h4
Rc5 47. hxg5 hxg5 48. Rg4 Kg6 49. Rxg5+ Rxg5 50. Bxg5 1/2-1/2

[Event "Skakligaen 2004-05"]
[Site "Denmark"]
[Date "2005.03.05"]
[Round "7.8"]
[White "Ronkendorff, Jens Henrik"]
[Black "Hansen, Per"]
[Result "1-0"]
[WhiteElo "1920"]
[BlackElo "2158"]
[PlyCount "117"]
[EventDate "2004.11.06"]
[EventType "team"]
[EventRounds "7"]
[EventCountry "DEN"]
[SourceDate "2004.11.06"]
[WhiteTeam "K41"]
[BlackTeam "Nordre"]
[WhiteTeamCountry "DEN"]
[BlackTeamCountry "DEN"]

1. Nf3 Nf6 2. g3 g6 3. Bg2 Bg7 4. d3 O-O 5. O-O d6 6. e4 c5 7. Nbd2 Nc6 8. c3
Rb8 9. a4 b6 10. Re1 Qc7 11. Nb3 e5 12. Nh4 Qe7 13. f4 Bb7 14. f5 Nh5 15. Bf3
Nf4 16. Ng2 Nxg2 17. Bxg2 Rbd8 18. g4 Bf6 19. Bh6 Bg5 20. Bxg5 Qxg5 21. Qf3
gxf5 22. gxf5 Kh8 23. Kh1 Rg8 24. Rg1 Ne7 25. Qe2 Qh4 26. Bf3 Qf4 27. c4 Nxf5
28. Bg4 Ne3 29. Bf3 f5 30. Nd2 Nc2 31. Rxg8+ Rxg8 32. Rf1 Nd4 33. Qe1 fxe4 34.
Bxe4 Bxe4+ 35. Nxe4 Qg4 36. Qf2 Qg7 37. Nxd6 h6 38. Qf6 Kh7 39. Qxg7+ Rxg7 40.
Rf7 Kg6 41. Rxg7+ Kxg7 42. Nb5 Nc6 43. Kg2 a6 44. Nc7 Nb4 45. a5 bxa5 46. Ne6+
Kg6 47. Nxc5 Kf5 48. Kf3 h5 49. h3 Nxd3 50. Nxd3 e4+ 51. Ke3 exd3 52. Kxd3 Ke5
53. b3 h4 54. Ke3 Kd6 55. Kd4 Kc6 56. c5 Kc7 57. Kd5 Kd7 58. c6+ Kc7 59. Kc5
1-0

[Event "Skakligaen 2004-05"]
[Site "Denmark"]
[Date "2005.03.05"]
[Round "7.1"]
[White "Borge, Nikolaj"]
[Black "Matthiesen, Arne"]
[Result "0-1"]
[WhiteElo "2404"]
[BlackElo "2334"]
[PlyCount "90"]
[EventDate "2004.11.06"]
[EventType "team"]
[EventRounds "7"]
[EventCountry "DEN"]
[SourceDate "2004.11.06"]
[WhiteTeam "Foroyar"]
[BlackTeam "SK68"]
[WhiteTeamCountry "DEN"]
[BlackTeamCountry "DEN"]

1. e4 e6 2. Nf3 d5 3. e5 c5 4. b4 cxb4 5. a3 Qa5 6. d4 Nc6 7. Bd3 Bd7 8. O-O
Nh6 9. Nbd2 bxa3 10. Nb3 Qc7 11. Ng5 Nb4 12. Bxa3 Nxd3 13. Qxd3 Qc4 14. Qd2
Bxa3 15. Rxa3 b6 16. Nc1 Bb5 17. Re1 Nf5 18. Ne2 h6 19. Nf3 Qc7 20. Nf4 g6 21.
g4 Ne7 22. Ng2 Rc8 23. Qf4 g5 24. Qg3 Ng6 25. h4 Qe7 26. Rea1 a6 27. h5 Nf8 28.
Nfe1 Nd7 29. f4 gxf4 30. Qxf4 Qg5 31. Qf2 Rg8 32. Rg3 Qg7 33. Nf3 Qh7 34. Ne3
Rc3 35. Qd2 Rc7 36. Re1 Kd8 37. Qb4 Kc8 38. Nd2 f5 39. exf6 Nxf6 40. Qd6 Rc6
41. Qf4 Qg7 42. Rg2 Nh7 43. c4 Rf8 44. Nf5 Bxc4 45. Nxc4 Qc7 0-1

[Event "Skakligaen 2004-05"]
[Site "Denmark"]
[Date "2005.03.05"]
[Round "7.2"]
[White "Holst, Allan"]
[Black "Nilssen, John Arni"]
[Result "1/2-1/2"]
[WhiteElo "2362"]
[BlackElo "2403"]
[PlyCount "90"]
[EventDate "2004.11.06"]
[EventType "team"]
[EventRounds "7"]
[EventCountry "DEN"]
[SourceDate "2004.11.06"]
[WhiteTeam "SK68"]
[BlackTeam "Foroyar"]
[WhiteTeamCountry "DEN"]
[BlackTeamCountry "DEN"]

1. d4 Nf6 2. Nf3 g6 3. Bf4 Bg7 4. e3 d6 5. h3 Nbd7 6. Be2 O-O 7. O-O Qe8 8. Bh2
e5 9. c4 Ne4 10. Nbd2 Nxd2 11. Qxd2 Qe7 12. Rac1 Re8 13. b4 a5 14. a3 axb4 15.
axb4 b6 16. dxe5 Nxe5 17. Nxe5 dxe5 18. Rfd1 Be6 19. c5 Bb3 20. Re1 e4 21. Bb5
Red8 22. Qe2 h5 23. cxb6 cxb6 24. Bc7 Rdc8 25. Bxb6 Qxb4 26. Rxc8+ Rxc8 27. Ba7
Ra8 28. Bd4 Ra5 29. Bc6 Ra2 30. Qf1 Bc4 31. Rb1 Rxf2 32. Qc1 Qd2 33. Qxd2 Rxd2
34. Bxg7 Kxg7 35. Bxe4 Re2 36. Rc1 Be6 37. Rc3 Rb2 38. h4 Kf6 39. Kh2 Ke5 40.
Bf3 Rb4 41. Kg3 Ra4 42. Rc5+ Kd6 43. Rc6+ Ke5 44. Rc5+ Kd6 45. Rc6+ Ke5 1/2-1/2

[Event "Skakligaen 2004-05"]
[Site "Denmark"]
[Date "2005.03.05"]
[Round "7.3"]
[White "Olsen, Heini"]
[Black "Matthiesen, Martin"]
[Result "1/2-1/2"]
[WhiteElo "2359"]
[BlackElo "2280"]
[PlyCount "36"]
[EventDate "2004.11.06"]
[EventType "team"]
[EventRounds "7"]
[EventCountry "DEN"]
[SourceDate "2004.11.06"]
[WhiteTeam "Foroyar"]
[BlackTeam "SK68"]
[WhiteTeamCountry "DEN"]
[BlackTeamCountry "DEN"]

1. Nf3 Nf6 2. c4 g6 3. Nc3 Bg7 4. e4 d6 5. d4 O-O 6. Be3 e5 7. dxe5 dxe5 8.
Qxd8 Rxd8 9. Nd5 Na6 10. O-O-O Be6 11. Nxf6+ Bxf6 12. Be2 Nb4 13. a3 Nc6 14.
Rxd8+ Rxd8 15. Rd1 Nd4 16. Bxd4 exd4 17. e5 Bg7 18. Nxd4 Bxe5 1/2-1/2

[Event "Skakligaen 2004-05"]
[Site "Denmark"]
[Date "2005.03.05"]
[Round "7.4"]
[White "Hansen, Lars"]
[Black "Naes, Flovin Tor"]
[Result "1-0"]
[WhiteElo "2275"]
[BlackElo "2303"]
[PlyCount "47"]
[EventDate "2004.11.06"]
[EventType "team"]
[EventRounds "7"]
[EventCountry "DEN"]
[SourceDate "2004.11.06"]
[WhiteTeam "SK68"]
[BlackTeam "Foroyar"]
[WhiteTeamCountry "DEN"]
[BlackTeamCountry "DEN"]

1. g3 d5 2. Bg2 c5 3. Nf3 Nc6 4. O-O Nf6 5. d3 e6 6. Nbd2 Be7 7. e4 Qc7 8. Re1
b5 9. exd5 exd5 10. c4 O-O 11. cxb5 Nb4 12. Nf1 Bf5 13. Ne3 Bg6 14. Nh4 Bh5 15.
Qb3 Rad8 16. Nef5 Rfe8 17. Bf4 Qd7 18. a3 Nxd3 19. Nxe7+ Rxe7 20. Qxd3 c4 21.
Qd4 Be2 22. Be5 Ng4 23. Rxe2 g5 24. Bh8 1-0

[Event "Skakligaen 2004-05"]
[Site "Denmark"]
[Date "2005.03.05"]
[Round "7.5"]
[White "Simonsen, Hans Kristian"]
[Black "Lindfeldt, Jan Magnus"]
[Result "0-1"]
[WhiteElo "2293"]
[BlackElo "2290"]
[PlyCount "96"]
[EventDate "2004.11.06"]
[EventType "team"]
[EventRounds "7"]
[EventCountry "DEN"]
[SourceDate "2004.11.06"]
[WhiteTeam "Foroyar"]
[BlackTeam "SK68"]
[WhiteTeamCountry "DEN"]
[BlackTeamCountry "DEN"]

1. c4 Nf6 2. Nf3 g6 3. d4 Bg7 4. g3 O-O 5. Bg2 d6 6. O-O Nc6 7. Nc3 a6 8. b3
Rb8 9. Nd5 Bg4 10. Bb2 Nxd5 11. cxd5 Nb4 12. h3 Bxf3 13. Bxf3 c6 14. dxc6 Nxc6
15. Qd2 Qb6 16. e3 Rbc8 17. Rfc1 Rc7 18. Rc4 Rfc8 19. Rac1 Nd8 20. Qc2 Rxc4 21.
bxc4 Nc6 22. Qb3 Qc7 23. c5 dxc5 24. Rxc5 e6 25. Qc4 Bf8 26. d5 Bxc5 27. dxc6
Bd6 28. Qc3 e5 29. Bd5 bxc6 30. Bc4 Rb8 31. f4 Qb6 32. Bb3 Qb4 33. Qxc6 Qe1+
34. Kh2 Qf2+ 35. Kh1 Qf1+ 36. Kh2 Qf2+ 37. Kh1 Qf1+ 38. Kh2 Qe2+ 39. Kh1 Qe1+
40. Kh2 Qd2+ 41. Kh1 exf4 42. Bc3 Qc1+ 43. Kg2 Qxe3 44. Qxd6 f3+ 45. Kh1 Qxc3
46. Qxb8+ Kg7 47. Qa7 Qe1+ 48. Kh2 Qe2+ 0-1

[Event "Skakligaen 2004-05"]
[Site "Denmark"]
[Date "2005.03.05"]
[Round "7.6"]
[White "Bank, Pelle Rodkjaer"]
[Black "Samuelsen, Carl Eli"]
[Result "1-0"]
[WhiteElo "2269"]
[BlackElo "2195"]
[PlyCount "69"]
[EventDate "2004.11.06"]
[EventType "team"]
[EventRounds "7"]
[EventCountry "DEN"]
[SourceDate "2004.11.06"]
[WhiteTeam "SK68"]
[BlackTeam "Foroyar"]
[WhiteTeamCountry "DEN"]
[BlackTeamCountry "DEN"]

1. e4 c5 2. a3 e6 3. b4 Nf6 4. e5 Nd5 5. c4 Nb6 6. bxc5 Bxc5 7. d4 Be7 8. Qg4
Kf8 9. Nf3 Nc6 10. Nbd2 Qc7 11. Bd3 Na5 12. O-O h5 13. Qg3 Qd8 14. Ne4 Naxc4
15. Bg5 f6 16. exf6 gxf6 17. Bh4 d5 18. Nc5 Rh6 19. Rfe1 Bd6 20. Qh3 Nb2 21.
Bc2 Bxc5 22. dxc5 N6c4 23. Qg3 Bd7 24. Rab1 Qb8 25. Qh3 b6 26. c6 Bc8 27. Nd4
Kf7 28. Qc3 e5 29. Nf3 e4 30. Bg3 exf3 31. Bxb8 Rxb8 32. Rxb2 Nxb2 33. Qxb2 Be6
34. Qc1 Rhh8 35. Bg6+ 1-0

[Event "Skakligaen 2004-05"]
[Site "Denmark"]
[Date "2005.03.05"]
[Round "7.7"]
[White "Danielsen, Heini"]
[Black "Sobjerg, Erik"]
[Result "1/2-1/2"]
[WhiteElo "2149"]
[BlackElo "2294"]
[PlyCount "31"]
[EventDate "2004.11.06"]
[EventType "team"]
[EventRounds "7"]
[EventCountry "DEN"]
[SourceDate "2004.11.06"]
[WhiteTeam "Foroyar"]
[BlackTeam "SK68"]
[WhiteTeamCountry "DEN"]
[BlackTeamCountry "DEN"]

1. e4 e5 2. Nf3 Nc6 3. Bb5 Nf6 4. O-O Nxe4 5. d4 Be7 6. dxe5 d5 7. c4 a6 8. Ba4
dxc4 9. Bxc6+ bxc6 10. Qa4 Nc5 11. Qxc4 Bf5 12. Qc3 O-O 13. Be3 Na4 14. Qb3 Nc5
15. Qc3 Na4 16. Qb3 1/2-1/2

[Event "Skakligaen 2004-05"]
[Site "Denmark"]
[Date "2005.03.05"]
[Round "7.8"]
[White "Christensen, Thomas K"]
[Black "Petersen, Terji"]
[Result "1/2-1/2"]
[WhiteElo "2269"]
[BlackElo "2022"]
[PlyCount "59"]
[EventDate "2004.11.06"]
[EventType "team"]
[EventRounds "7"]
[EventCountry "DEN"]
[SourceDate "2004.11.06"]
[WhiteTeam "SK68"]
[BlackTeam "Foroyar"]
[WhiteTeamCountry "DEN"]
[BlackTeamCountry "DEN"]

1. c4 Nf6 2. Nc3 c5 3. Nf3 b6 4. d4 cxd4 5. Nxd4 Bb7 6. f3 g6 7. e4 d6 8. Be2
Bg7 9. O-O O-O 10. Be3 Nbd7 11. Qd2 Ne5 12. Rac1 Rc8 13. b3 Qd7 14. Rfd1 Rfd8
15. Qe1 Ba8 16. Qf2 Qb7 17. Ndb5 Rd7 18. Bf1 Rcd8 19. Rc2 Qb8 20. Rdc1 Rc8 21.
Nd5 Ne8 22. a3 Bc6 23. Nd4 Bb7 24. Bg5 Kf8 25. Qh4 e6 26. Nf6 Nxf6 27. Bxf6 Kg8
28. Bxg7 Kxg7 29. Qg3 Nc6 30. Nxc6 1/2-1/2

[Event "Skakligaen 2004-05"]
[Site "Denmark"]
[Date "2005.03.05"]
[Round "7.1"]
[White "Sorensen, Jan"]
[Black "Nielsen, Peter Heine"]
[Result "0-1"]
[WhiteElo "2412"]
[BlackElo "2662"]
[PlyCount "122"]
[EventDate "2004.11.06"]
[EventType "team"]
[EventRounds "7"]
[EventCountry "DEN"]
[SourceDate "2004.11.06"]
[WhiteTeam "Skolerne"]
[BlackTeam "Helsinge"]
[WhiteTeamCountry "DEN"]
[BlackTeamCountry "DEN"]

1. d4 d5 2. c4 e6 3. Nc3 c6 4. cxd5 exd5 5. Bf4 Bd6 6. Bxd6 Qxd6 7. e3 Bf5 8.
Nge2 Nf6 9. Ng3 Bg6 10. h4 h5 11. Bd3 O-O 12. Be2 Qb4 13. Qd2 Nbd7 14. a3 Qb6
15. Na4 Qb3 16. Qb4 Bc2 17. Nc3 g6 18. Rc1 Rfc8 19. Qxb3 Bxb3 20. Nf1 c5 21.
dxc5 Nxc5 22. Nd2 Nfe4 23. Ndxe4 dxe4 24. f3 exf3 25. gxf3 Na4 26. Kf2 Nxb2 27.
Nb5 Rd8 28. Rc3 Bd1 29. Nd4 Na4 30. Rc7 Bxe2 31. Kxe2 b6 32. Rhc1 Nc5 33. f4
Rdc8 34. Rxc8+ Rxc8 35. a4 Rc7 36. Nb5 Rd7 37. a5 Ne4 38. axb6 Rd2+ 39. Ke1
axb6 40. Rc8+ Kg7 41. Rc4 Rb2 42. Rxe4 Rxb5 43. Kf2 Rb1 44. Re7 b5 45. Rb7 b4
46. Kf3 b3 47. Ke4 b2 48. Rb6 Kf8 49. Rb7 f6 50. Rb8+ Ke7 51. Rb6 Kd7 52. Rb8
Kd6 53. Rb6+ Kc5 54. Rb8 Kc4 55. Rc8+ Kb3 56. Rb8+ Kc2 57. Rc8+ Kd2 58. Rb8 f5+
59. Ke5 Kxe3 60. Rb7 Kf3 61. Rb3+ Kg4 0-1

[Event "Skakligaen 2004-05"]
[Site "Denmark"]
[Date "2005.03.05"]
[Round "7.2"]
[White "Schandorff, Lars"]
[Black "Pedersen, Finn"]
[Result "1/2-1/2"]
[WhiteElo "2520"]
[BlackElo "2375"]
[PlyCount "52"]
[EventDate "2004.11.06"]
[EventType "team"]
[EventRounds "7"]
[EventCountry "DEN"]
[SourceDate "2004.11.06"]
[WhiteTeam "Helsinge"]
[BlackTeam "Skolerne"]
[WhiteTeamCountry "DEN"]
[BlackTeamCountry "DEN"]

1. d4 d5 2. c4 c6 3. Nf3 Nf6 4. e3 a6 5. Bd3 Bg4 6. Nbd2 e6 7. O-O Nbd7 8. Qc2
Bd6 9. b3 Bh5 10. Bb2 Bg6 11. Bxg6 hxg6 12. g3 Qe7 13. e4 dxe4 14. Nxe4 Nxe4
15. Qxe4 Ba3 16. Bxa3 Qxa3 17. c5 O-O-O 18. Qc2 Qa5 19. b4 Qc7 20. Rfe1 Rh5 21.
a4 g5 22. b5 g4 23. b6 Qb8 24. Nd2 Rdh8 25. Nf1 Nf6 26. Rad1 Nd5 1/2-1/2

[Event "Skakligaen 2004-05"]
[Site "Denmark"]
[Date "2005.03.05"]
[Round "7.3"]
[White "Ochsner, Thomas"]
[Black "Hutters, Tomas"]
[Result "0-1"]
[WhiteElo "2366"]
[BlackElo "2446"]
[PlyCount "76"]
[EventDate "2004.11.06"]
[EventType "team"]
[EventRounds "7"]
[EventCountry "DEN"]
[SourceDate "2004.11.06"]
[WhiteTeam "Skolerne"]
[BlackTeam "Helsinge"]
[WhiteTeamCountry "DEN"]
[BlackTeamCountry "DEN"]

1. e4 c5 2. c3 Nf6 3. e5 Nd5 4. Nf3 Nc6 5. Bc4 Nb6 6. Bb3 c4 7. Bc2 Qc7 8. Qe2
g5 9. Nxg5 Qxe5 10. d4 cxd3 11. Bxd3 Qxe2+ 12. Bxe2 Bg7 13. O-O O-O 14. Rd1 d5
15. Be3 h6 16. Nf3 Rd8 17. Na3 Na4 18. Rd2 a6 19. Rad1 Bf5 20. Ne1 b5 21. Nd3
d4 22. cxd4 Nxd4 23. Bf1 Nc6 24. Rc1 Bxd3 25. Rxc6 Nxb2 26. Bxh6 Be4 27. Rxd8+
Rxd8 28. Bxg7 Bxc6 29. Bxb2 Rd2 30. Be5 Rxa2 31. Nb1 b4 32. Bd3 Bd5 33. h4 a5
34. h5 f6 35. Bd4 e5 36. Bc5 Rb2 37. h6 e4 38. h7+ Kxh7 0-1

[Event "Skakligaen 2004-05"]
[Site "Denmark"]
[Date "2005.03.05"]
[Round "7.4"]
[White "Pedersen, Steffen"]
[Black "Glud, Jakob Vang"]
[Result "1/2-1/2"]
[WhiteElo "2434"]
[BlackElo "2283"]
[PlyCount "55"]
[EventDate "2004.11.06"]
[EventType "team"]
[EventRounds "7"]
[EventCountry "DEN"]
[SourceDate "2004.11.06"]
[WhiteTeam "Helsinge"]
[BlackTeam "Skolerne"]
[WhiteTeamCountry "DEN"]
[BlackTeamCountry "DEN"]

1. d4 d5 2. c4 e6 3. Nc3 Be7 4. Nf3 Nf6 5. Bg5 O-O 6. e3 Nbd7 7. Rc1 a6 8. c5
c6 9. Be2 h6 10. Bh4 Re8 11. O-O e5 12. dxe5 Ne4 13. Bxe7 Qxe7 14. Nxe4 dxe4
15. Nd2 Nxc5 16. Qc2 Nd3 17. Bxd3 exd3 18. Qxd3 Qxe5 19. Nc4 Qc7 20. Qd6 Qxd6
21. Nxd6 Rd8 22. Rfd1 Kf8 23. e4 Ke7 24. e5 Be6 25. Nxb7 Rxd1+ 26. Rxd1 Bxa2
27. Nc5 Bd5 28. Rd2 1/2-1/2

[Event "Skakligaen 2004-05"]
[Site "Denmark"]
[Date "2005.03.05"]
[Round "7.5"]
[White "Jacobsen, Bo"]
[Black "Berg, Klaus"]
[Result "1/2-1/2"]
[WhiteElo "2254"]
[BlackElo "2418"]
[PlyCount "55"]
[EventDate "2004.11.06"]
[EventType "team"]
[EventRounds "7"]
[EventCountry "DEN"]
[SourceDate "2004.11.06"]
[WhiteTeam "Skolerne"]
[BlackTeam "Helsinge"]
[WhiteTeamCountry "DEN"]
[BlackTeamCountry "DEN"]

1. g3 d5 2. Bg2 Nf6 3. Nf3 c6 4. d3 Bg4 5. Nbd2 Nbd7 6. O-O e5 7. h3 Bh5 8. c3
a5 9. Qc2 Bd6 10. Re1 O-O 11. b3 Re8 12. e4 Qc7 13. a3 dxe4 14. dxe4 Bf8 15.
Bb2 b5 16. b4 Nb6 17. bxa5 Rxa5 18. c4 bxc4 19. g4 Bg6 20. Bf1 Nfd7 21. Bxc4
Rc5 22. a4 Nxc4 23. Nxc4 Nb6 24. Nfd2 Rd8 25. a5 Nxc4 26. Nxc4 f6 27. Ba3 Rb5
28. Bxf8 1/2-1/2

[Event "Skakligaen 2004-05"]
[Site "Denmark"]
[Date "2005.03.05"]
[Round "7.6"]
[White "Fries Nielsen, Niels Jorgen"]
[Black "Rewitz, Poul"]
[Result "1/2-1/2"]
[WhiteElo "2401"]
[BlackElo "2250"]
[PlyCount "45"]
[EventDate "2004.11.06"]
[EventType "team"]
[EventRounds "7"]
[EventCountry "DEN"]
[SourceDate "2004.11.06"]
[WhiteTeam "Helsinge"]
[BlackTeam "Skolerne"]
[WhiteTeamCountry "DEN"]
[BlackTeamCountry "DEN"]

1. d4 g6 2. c3 Bg7 3. Bg5 c5 4. e3 Nf6 5. Nd2 b6 6. Bxf6 Bxf6 7. Ne4 Bg7 8.
dxc5 Bb7 9. Qc2 f5 10. Ng5 e6 11. N1f3 bxc5 12. Rd1 Qa5 13. Bc4 h6 14. Nh3 g5
15. Nhg1 g4 16. Nh4 Bf6 17. h3 Bxh4 18. hxg4 Qd8 19. Bxe6 Qg5 20. Bd5 Bxd5 21.
Rxd5 Qxe3+ 22. Kf1 Qe6 23. Qxf5 1/2-1/2